000 00322cam a2200145ua 4500
041 _aeng
_h
082 _a954.01
_bNIK/ED
100 _aNikam, N A .
245 _aEdicts of Asoka /
_cN A Nikam.
_hTextual Documents
300 _a65 ; .
504 _a
700 1 _aMckeon , Chand .
942 _cBK
999 _c3344
_d3344